| 000 | 00497nam a2200205Ia 4500 | ||
|---|---|---|---|
| 003 | OSt | ||
| 005 | 20220511093416.0 | ||
| 008 | 210210b1997 xxu||||| |||| 00| 0 eng d | ||
| 040 |
_aAL _c |
||
| 041 | _aEnglish | ||
| 082 | _a650 CHEB | ||
| 100 |
_aCHERUNILAM (Francis) _935792 |
||
| 245 | _aBusiness environment | ||
| 250 | _a8 Rev. | ||
| 260 |
_aBombay _bHimalaya Publishing House _c1997 |
||
| 300 | _a641 | ||
| 690 |
_aBusiness Environment _935798 |
||
| 906 | _a052605 | ||
| 942 |
_2ddc _cBK |
||
| 999 |
_c101211 _d101211 |
||